14 Countries That Border China Quiz Stats

 Plays Quiz Updated Nov 28, 2014

Also try: Germany's Borders
Challenge
Share
Tweet
Embed
Score 0/14 Timer 02:00
1 Play Today
% Correct
Mongolia
91.5%
Russia
90.6%
North Korea
89.3%
Nepal
87.1%
India
86.2%
Bhutan
76.9%
Vietnam
73.7%
% Correct
Kazakhstan
72.3%
Myanmar
72.2%
Kyrgyzstan
70%
Laos
69.7%
Pakistan
61.6%
Afghanistan
61.3%
Tajikistan
54.2%

You're not logged in!

Compare scores with friends on all Sporcle quizzes.
OR
Log In

You Might Also Like...

Show Comments

Extras

Top Quizzes Today


Score Distribution

Your Account Isn't Verified!

In order to create a playlist on Sporcle, you need to verify the email address you used during registration. Go to your Sporcle Settings to finish the process.

Report this User

Report this user for behavior that violates our Community Guidelines.

Details: